书目信息 |
| 题名: |
地理计算原理与方法
|
|
| 作者: | 李霖 , 应申 , 朱海红 编著 | |
| 分册: | ||
| 出版信息: | 北京 测绘出版社 2008 |
|
| 页数: | 260页 | |
| 开本: | 26cm | |
| 丛书名: | ||
| 单 册: | ||
| 中图分类: | K90 , P209 | |
| 科图分类: | ||
| 主题词: | 计算方法--Ji Suan Fang Fa--应用--地理学--高等学校--教材 , 测绘学 , 测量学 | |
| 电子资源: | ||
| ISBN: | 978-7-5030-1869-5 | |
| 000 | 01305nam0 22003131 450 | |
| 001 | 350486 | |
| 005 | 20161013170157.17 | |
| 010 | @a978-7-5030-1869-5@dCNY33.00 | |
| 100 | @a20081016d2008 em y0chiy50 ea | |
| 101 | 0 | @achi |
| 102 | @aCN@b110000 | |
| 105 | @aa z 000yy | |
| 106 | @ar | |
| 200 | 1 | @a地理计算原理与方法@ADi Li Ji Suan Yuan Li Yu Fang Fa@dPrinciples and methods of geocomputation@f李霖,应申,朱海红编著@zeng |
| 210 | @a北京@c测绘出版社@d2008 | |
| 215 | @a260页@c图@d26cm | |
| 300 | @a高等学校教材 测绘科技专著出版基金资助 | |
| 330 | @a本书紧扣地理计算的地理性和计算性,比较详细地介绍了地理计算的内涵、特征和应用前景。同时介绍了高性能计算环境下各种计算机技术在地理空间分析和地理计算中的应用。并以某些新的技术与方法为例介绍了其在地理计算中的具体应用,且分析和讨论了地图可视化、虚拟地理环境等可视化技术给地理计算注入的活力及带来的问题。 | |
| 510 | 1 | @aPrinciples and methods of geocomputation@zeng |
| 606 | 0 | @a计算方法@AJi Suan Fang Fa@x应用@x地理学@x高等学校@j教材 |
| 606 | 0 | @a测绘学 |
| 606 | 0 | @a测量学 |
| 690 | @aK90@v5 | |
| 690 | @aP209@v4 | |
| 701 | 0 | @a李霖@ALi Lin@c(地球科学)@4编著 |
| 701 | 0 | @a应申@AYing Shen@f(1979~)@4编著 |
| 701 | 0 | @a朱海红@AZhu Hai Hong@c(女,@f1964~)@4编著 |
| 801 | 0 | @aCN@bTANGWEI@c20160804 |
| 905 | @b0890275-9@dP209@e236@f5 | |
| 地理计算原理与方法=Principles and methods of geocomputation/李霖,应申,朱海红编著.-北京:测绘出版社,2008 |
| 260页:图;26cm |
| 高等学校教材 测绘科技专著出版基金资助 |
| ISBN 978-7-5030-1869-5:CNY33.00 |
| 本书紧扣地理计算的地理性和计算性,比较详细地介绍了地理计算的内涵、特征和应用前景。同时介绍了高性能计算环境下各种计算机技术在地理空间分析和地理计算中的应用。并以某些新的技术与方法为例介绍了其在地理计算中的具体应用,且分析和讨论了地图可视化、虚拟地理环境等可视化技术给地理计算注入的活力及带来的问题。 |
| ● |
| 相关链接 |
|
|
|
|
正题名:地理计算原理与方法
索取号:P209/236
 
预约/预借
| 序号 | 登录号 | 条形码 | 馆藏地/架位号 | 状态 | 备注 |
| 1 | 0890275 | 208902758 | 第二样本阅览室/ [索取号:P209/236] | 在馆 | |
| 2 | 0890276 | 208902767 | 第三借阅区/ [索取号:P209/236] | 在馆 | |
| 3 | 0890277 | 208902776 | 第三借阅区/ [索取号:P209/236] | 在馆 | |
| 4 | 0890278 | 208902785 | 第三借阅区/ [索取号:P209/236] | 在馆 | |
| 5 | 0890279 | 208902794 | 第三借阅区/ [索取号:P209/236] | 在馆 |